| 000 | 02717nam0a2200397 4500 | ||
|---|---|---|---|
| 001 | RU\NLR\BIBL_A\012656770 | ||
| 005 | 20220316114546.0 | ||
| 010 |
_a978-5-8088-1569-8 _9500 |
||
| 021 |
_aRU _bКН-П-21-048801 _9КН-П-21-3846 |
||
| 035 | _a(NLR Aleph) 012656770 | ||
| 090 |
_a12743054 _c12743054 |
||
| 100 | _a20211202d2021 k y0rusy50 ca | ||
| 101 | 0 |
_arus _aeng _deng |
|
| 102 | _aRU | ||
| 105 | _a c||z|||000zy | ||
| 181 | 0 |
_ai3 _baxxe |
|
| 182 | 0 | _an | |
| 200 | 1 |
_aСовременный научно-образовательный комплекс и научные школы Института аэрокосмических приборов и систем ГУАП _dModern scientific and educational complex and scientific schools of the Institute of aerospace instruments and systems SUAI _fЮ.А. Антохина, Н.Н. Майоров _gМинистерство науки и высшего образования Российской Федерации, Федеральное государственное бюджетное образовательное учреждение высшего образования "Санкт-Петербургский государственный университет аэрокосмического приборостроения" _zeng |
|
| 203 |
_aТекст _bвизуальный _cнепосредственный |
||
| 210 |
_aСанкт-Петербург _cГУАП _d2021 |
||
| 215 |
_a91, [1] с. _cил., портр., табл. _d29 |
||
| 300 | _aАвт. также на англ. яз.: Yulia A. Antokhina, Nikolai N. Maiorov | ||
| 300 | _aЧасть текста парал. рус., англ. | ||
| 300 | _aРез. англ. | ||
| 320 | _aБиблиогр.: с. 90 (13 назв.) | ||
| 510 | 1 |
_6z92790 _aModern scientific and educational complex and scientific schools of the Institute of aerospace instruments and systems SUAI _zeng |
|
| 601 | 0 | 2 |
_aСанкт-Петербургский государственный университет аэрокосмического приборостроения _2nlr_sh2 _3RU\NLR\AUTH\661344238 |
| 686 | 1 | _aЧ488.759.844(2)7 | |
| 700 | 1 |
_aАнтохина _bЮ. А. _f1976- _gЮлия Анатольевна _3RU\NLR\AUTH\770240143 |
|
| 701 | 1 |
_aМайоров _bН. Н. _cд-р техн. наук _gНиколай Николаевич _3RU\NLR\AUTH\770127054 |
|
| 790 | 1 |
_6z92 _aAntochina _bJ. A. _f1976- _gJulija Anatol'evna _3RU\NLR\AUTH\770240145 |
|
| 790 | 1 |
_6z92 _6z92510 _aMajorov _bN. N. _cканд. техн. наук _gNikolaj Nikolaevič _3RU\NLR\AUTH\770127055 |
|
| 942 | _cBOOK | ||
| 980 | _aNB | ||